| 000 | 00698nam a2200193 a 4500 | ||
|---|---|---|---|
| 003 | 0 | ||
| 005 | 20250312105549.0 | ||
| 008 | 090709s19uu xx 00 eng d | ||
| 050 |
_aPHS SB 191.S7 _b.Sa194 2009 |
||
| 100 | _aSanchez, Ana Camille H. | ||
| 245 |
_aSweet Sorghum (Sorghum bicolor) as alternative source of sugar / _cAna Camille H. Sanchez. |
||
| 260 |
_aLas PiƱas City, Philippines : _bSouthville International School and Colleges, _c2009. |
||
| 300 |
_a39 pages : _billustrations ; _c28 cm. |
||
| 500 | _aMost Outstanding Experimental PASS | ||
| 504 | _aIncludes bibliographical references. | ||
| 650 | _aSweet sorghum. | ||
| 650 |
_aSugar _xAlternative sources. |
||
| 942 |
_2lcc _cPASS |
||
| 999 |
_c98273 _d98273 |
||